|
|
|
|
| LEADER |
02630nam a22005535i 4500 |
| 001 |
978-3-540-75201-1 |
| 003 |
DE-He213 |
| 005 |
20151111193739.0 |
| 007 |
cr nn 008mamaa |
| 008 |
100301s2008 gw | s |||| 0|eng d |
| 020 |
|
|
|a 9783540752011
|9 978-3-540-75201-1
|
| 024 |
7 |
|
|a 10.1007/978-3-540-75201-1
|2 doi
|
| 040 |
|
|
|d GrThAP
|
| 050 |
|
4 |
|a TP248.13-248.65
|
| 072 |
|
7 |
|a TCB
|2 bicssc
|
| 072 |
|
7 |
|a SCI010000
|2 bisacsh
|
| 082 |
0 |
4 |
|a 660.6
|2 23
|
| 245 |
1 |
0 |
|a Biosensing for the 21st Century
|h [electronic resource] /
|c edited by Reinhard Renneberg, Fred Lisdat.
|
| 246 |
3 |
|
|a With contributions by numerous experts
|
| 264 |
|
1 |
|a Berlin, Heidelberg :
|b Springer Berlin Heidelberg,
|c 2008.
|
| 300 |
|
|
|a XVI, 504 p.
|b online resource.
|
| 336 |
|
|
|a text
|b txt
|2 rdacontent
|
| 337 |
|
|
|a computer
|b c
|2 rdamedia
|
| 338 |
|
|
|a online resource
|b cr
|2 rdacarrier
|
| 347 |
|
|
|a text file
|b PDF
|2 rda
|
| 490 |
1 |
|
|a Advances in Biochemical Engineering/Biotechnology,
|x 0724-6145 ;
|v 109
|
| 505 |
0 |
|
|a Frieder Scheller and the Short History of Biosensors -- Protein Electrodes with Direct Electrochemical Communication -- Protein Engineering and Electrochemical Biosensors -- Artificial Receptors -- New Trends in Immunoassays -- Electrochemical Biochips for Protein Analysis -- Impedance Spectroscopy and Biosensing -- Amplified Transduction of Biomolecular Interactions Based on the Use of Nanomaterials -- Photoelectrochemical and Optical Applications of Semiconductor Quantum Dots for Bioanalysis -- Microsystems Technology and Biosensing -- Development of Microbial Sensors and Their Application -- Strategies for Label-Free Optical Detection -- DNA Microarrays -- Scanning Electrochemical Microscopy (SECM) as a Tool in Biosensor Research.
|
| 520 |
|
|
|a see table of contents.
|
| 650 |
|
0 |
|a Chemistry.
|
| 650 |
|
0 |
|a Human genetics.
|
| 650 |
|
0 |
|a Medical microbiology.
|
| 650 |
|
0 |
|a Molecular biology.
|
| 650 |
|
0 |
|a Biotechnology.
|
| 650 |
|
0 |
|a Biochemistry.
|
| 650 |
1 |
4 |
|a Chemistry.
|
| 650 |
2 |
4 |
|a Biotechnology.
|
| 650 |
2 |
4 |
|a Human Genetics.
|
| 650 |
2 |
4 |
|a Molecular Medicine.
|
| 650 |
2 |
4 |
|a Medical Microbiology.
|
| 650 |
2 |
4 |
|a Biochemistry, general.
|
| 700 |
1 |
|
|a Renneberg, Reinhard.
|e editor.
|
| 700 |
1 |
|
|a Lisdat, Fred.
|e editor.
|
| 710 |
2 |
|
|a SpringerLink (Online service)
|
| 773 |
0 |
|
|t Springer eBooks
|
| 776 |
0 |
8 |
|i Printed edition:
|z 9783540752004
|
| 830 |
|
0 |
|a Advances in Biochemical Engineering/Biotechnology,
|x 0724-6145 ;
|v 109
|
| 856 |
4 |
0 |
|u http://dx.doi.org/10.1007/978-3-540-75201-1
|z Full Text via HEAL-Link
|
| 912 |
|
|
|a ZDB-2-CMS
|
| 950 |
|
|
|a Chemistry and Materials Science (Springer-11644)
|